Сфагновый мох как индикатор геохимических особенностей территории произрастания; Геология в развивающемся мире; Т. 2

Bibliographic Details
Parent link:Геология в развивающемся мире: сборник научных трудов по материалам IX Научно-практической конференции студентов, аспирантов и молодых ученых, г. Пермь, 4-7 апреля 2016 г./ Пермский государственный национальный исследовательский университет (ПГНИУ) ; отв. ред. Р. Р. Гильмутдинов.— , 2016
Т. 2.— 2016.— [С. 409-412]
Main Author: Боженко Н. П. Наталья Петровна
Corporate Author: Национальный исследовательский Томский политехнический университет (ТПУ) Институт природных ресурсов (ИПР) Кафедра геоэкологии и геохимии (ГЭГХ)
Other Authors: Межибор А. М. Антонина Михайловна (научный руководитель)
Summary:Заглавие с экрана
Приводятся данные о накоплении химических элементов в сфагновых мхах и верховом торфе из трех районов Германии. Установлено, что сфагновые мхи являются хорошими индикаторами природных геохимических аномалий.
The research presents data on the accumulation of chemical elements in sphagnum mosses and high-moor peat from three regions of Germany. It was determined that sphagnum mosses are good indicators of natural geochemical anomalies.
Language:Russian
Published: 2016
Series:Геоэкология и охрана окружающей среды
Subjects:
Online Access:http://www.psu.ru/files/docs/science/books/sborniki/geolog_v_razv_mire_2016_2.pdf#page=409
Format: Electronic Book Chapter
KOHA link:https://koha.lib.tpu.ru/cgi-bin/koha/opac-detail.pl?biblionumber=650225

MARC

LEADER 00000naa0a2200000 4500
001 650225
005 20250904111537.0
035 |a (RuTPU)RU\TPU\network\15430 
035 |a RU\TPU\network\8257 
090 |a 650225 
100 |a 20160923d2016 k y0rusy50 ca 
101 0 |a rus 
102 |a RU 
135 |a drcn ---uucaa 
181 0 |a i  
182 0 |a b 
200 1 |a Сфагновый мох как индикатор геохимических особенностей территории произрастания  |d Sphagnum moss as anindicator of geochemical features of the territory of growth  |f Н. П. Боженко, А. М. Межибор  |g науч. рук. А. М. Межибор 
203 |a Текст  |c электронный 
225 1 |a Геоэкология и охрана окружающей среды 
300 |a Заглавие с экрана 
320 |a [Библиогр.: с. 412 (7 назв.)] 
330 |a Приводятся данные о накоплении химических элементов в сфагновых мхах и верховом торфе из трех районов Германии. Установлено, что сфагновые мхи являются хорошими индикаторами природных геохимических аномалий. 
330 |a The research presents data on the accumulation of chemical elements in sphagnum mosses and high-moor peat from three regions of Germany. It was determined that sphagnum mosses are good indicators of natural geochemical anomalies. 
461 |t Геология в развивающемся мире  |o сборник научных трудов по материалам IX Научно-практической конференции студентов, аспирантов и молодых ученых, г. Пермь, 4-7 апреля 2016 г.  |f Пермский государственный национальный исследовательский университет (ПГНИУ) ; отв. ред. Р. Р. Гильмутдинов  |o в 2-х т.  |d 2016 
463 |t Т. 2  |v [С. 409-412]  |d 2016 
510 1 |a Sphagnum moss as anindicator of geochemical features of the territory of growth  |z eng 
610 1 |a электронный ресурс 
610 1 |a труды учёных ТПУ 
610 1 |a сфагновый мох 
610 1 |a геохимические особенности 
610 1 |a биоиндикация 
610 1 |a биомониторинг 
610 1 |a торф 
700 1 |a Боженко  |b Н. П.  |g Наталья Петровна 
701 1 |a Межибор  |b А. М.  |c геоэколог, специалист в области экологической геохимии  |c доцент Томского политехнического университета  |f 1982-  |g Антонина Михайловна  |3 (RuTPU)RU\TPU\pers\25806 
702 1 |a Межибор  |b А. М.  |c геоэколог, специалист в области экологической геохимии  |c доцент Томского политехнического университета  |f 1982-  |g Антонина Михайловна  |3 (RuTPU)RU\TPU\pers\25806  |4 727 
712 0 2 |a Национальный исследовательский Томский политехнический университет (ТПУ)  |b Институт природных ресурсов (ИПР)  |b Кафедра геоэкологии и геохимии (ГЭГХ)  |3 (RuTPU)RU\TPU\col\18658 
801 1 |a RU  |b 63413507  |c 20141010 
801 2 |a RU  |b 63413507  |c 20160923  |g RCR 
856 4 |u http://www.psu.ru/files/docs/science/books/sborniki/geolog_v_razv_mire_2016_2.pdf#page=409 
942 |c CF